Kozáci a jiné povídky

Bibliographic Details
Main Author: Tolstoj, Lev Nikolajevič, 1828-1910 (Author)
Other Authors: Mathesius, Bohumil, 1888-1952 (Translator)
Format: Book
Language:Czech
Russian
PhysicalDescription:482 s.
Published: Praha SNKL 1955
Series:Knihovna klasiků
Spisy L. N. Tolstého sv. 3.

MARC

LEADER 00000nam a22000007a 4500
001 vtls009454538
003 SK-MaSNL
005 20260302080407.0
008 240314s1955 xr 000 f czes
040 |a SNK  |b slo  |c SNK  |e AACR2 
041 1 |a cze  |h rus 
044 |a xr  |c CZ 
100 1 |a Tolstoj, Lev Nikolajevič,  |d 1828-1910  |4 aut  |9 14566 
245 1 0 |a Kozáci a jiné povídky  |c L.N. Tolstoj ; [přeložil Bohumil Mathesius] 
260 |a Praha  |b SNKL  |c 1955 
300 |a 482 s. 
490 0 |a Knihovna klasiků 
490 0 |a Spisy L. N. Tolstého  |v sv. 3. 
700 1 |a Mathesius, Bohumil,  |d 1888-1952  |4 trl  |9 303765 
999 |c 1172921  |d 1174851 
952 |a SNK  |b SNK  |y VYP  |7 0  |p 17A0888625  |o snkIC 12568 D1  |i snkI.5875/55  |0 0  |1 1  |4 0  |d 2012-08-16  |l 0  |r 2026-02-24 21:10:58  |w 2026-02-24